| 000 | 00546nam a22001697a 4500 | ||
|---|---|---|---|
| 003 | OSt | ||
| 005 | 20260216103901.0 | ||
| 008 | 260216b |||||||| |||| 00| 0 eng d | ||
| 040 | _cMRSPTU | ||
| 041 | _aEnglish | ||
| 100 | _aKunwar Gourav Singh, Supervisor: Dr. Manjeet Bansal | ||
| 245 | _aEffect of Addition of Sodium Nitrate on the Properties of Concrete | ||
| 260 |
_bDepartment of Civil Engg. MRSPTU, Bathinda _c2018 |
||
| 650 | _aCivil Engineering | ||
| 856 | _uhttp://163.47.215.52:8080/jspui/handle/123456789/181 | ||
| 942 |
_2ddc _cTH _n0 |
||
| 999 |
_c10906 _d10906 |
||